Statistics for Geography of Portugal

Click here to take the quiz!

General Stats

  • This quiz has been taken 107 times
  • The average score is 14 of 20

Answer Stats

QuestionAnswer% Correct
What is the capital of Portugal?Lisbon
100%
On what major peninsula is Portugal situated, together with Spain?Iberia
96%
What is the name of the second most populous city in Portugal?Porto
96%
What group of islands in the Atlantic Ocean were first discovered by the Portuguese in 1427?Azores
91%
What type of natural disaster devastated the Portuguese capital in 1755?Earthquake
87%
What bridge in Portugal is the longest one in the entire Europe?
(hint: shares its name with a Portuguese explorer)
Vasco da Gama
82%
What Portuguese island is the closest point of Portugal to Africa?Madeira
80%
What is the name of the southernmost region of continental Portugal?Algarve
79%
What river starts in the Spain and empties near the city above?Douro
72%
What is the Portuguese word for lake?Lago
69%
What is the main city of the above?Funchal
67%
With what Brazilian city, starting with the letter B, does the most famous landmark in
the capital share its name?
{Belém} Tower
66%
What city is considered to be the administrative center of that region?Faro
65%
What river, that empties near the Portuguese capital, is the longest on that peninsula?Tagus
62%
What language, mainly spoken in northwestern Spain, is the closest relative of Portuguese?Galician
58%
What city used to be the capital of Portugal between 1179-1255?Coimbra
51%
What cape in Portugal contains the westernmost point of Europe?Cabo da {Roca}
36%
What mountain in the above is the tallest in Portugal?Mount {Pico}
35%
What is the name of the highest mountain range in continental Portugal?Serra da {Estrela}
32%
What is the second-most populated city in the metropolitan area of the capital?Amadora
27%

Score Distribution

Percentile by Number Answered

Percent of People with Each Score

Your Score History

You have not taken this quiz